000 00791nam a2200265 a 4500
001 1141
003 BR-CuiBMT
005 20231129204313.0
008 231129s2012 mgb 001 0 por d
020 _a9788577005260
040 _aBR-CuiBMT
_cBR-CuiBMT
080 _22007
_a351.712.2.02
090 _a351.712.2.02
_bF992c
_c4. ed.
100 1 _aFurtado, Lucas Rocha
245 1 0 _aCurso de licitações e contratos administrativos /
_cLucas Rocha Furtado.
250 _a4. ed. atual.
260 _aBelo Horizonte :
_bFórum,
_c2012.
300 _a581 p. ;
_c24 cm
504 _aInclui bibliografia e índice.
650 _aDireito administrativo
650 _aLicitação
_vprocedimentos
650 _aLicitação
_vmodalidade
650 _aContrato administrativo
942 _2udc
_cLV
999 _c1141
_d1141